000 00346nam a2200097Ia 4500
008 180130s9999 xx 000 0 und d
245 _cZhang, Xinyu; Yuhao, Lu
_aKnowledge building in e-learning
260 _c2015
300 _aBook title: An integrated approach to e-learning--Acession number C20654; pages 3 - 16
650 _aEDUCATION--E-LEARNING
999 _c353723
_d353723